NBA MVP's by picture - Statistics

General Stats
  • This quiz has been taken 139 times
  • The average score is 29 of 34
Answer Stats
Picture Hint Answer % Correct
2018 James Harden
100%
2009,2010,2012,2013 LeBron James
100%
2015,2016 Stephen Curry
100%
2014 Kevin Durant
99%
2008 Kobe Bryant
99%
2017 Russell Westbrook
99%
2007 Dirk Nowitzki
98%
2019 Giannis Antetokounmpo
98%
1984,1985,1986 Larry Bird
97%
1988,1991,1992,1996,1998 Michael Jordan
97%
2000 Shaquille O'Neal
97%
2001 Allen Iverson
96%
2011 Derrick Rose
96%
1987,1989,1990 Magic Johnson
96%
1993 Charles Barkley
95%
2004 Kevin Garnett
95%
2005,2006 Steve Nash
94%
2002,2003 Tim Duncan
94%
1971,1972,1974,1976,1977,1980 Kareem Abdul-Jabbar
92%
1997,1999 Karl Malone
92%
1995 David Robinson
86%
1960,1966,1967,1968 Wilt Chamberlain
85%
1994 Hakeem Olajuwon
84%
1981 Julius Erving
82%
1978 Bill Walton
81%
1964 Oscar Robertson
77%
1957 Bob Cousy
75%
1958,1961,1962,1963,1965 Bill Russell
74%
1956,1959 Bob Pettit
67%
1979,1982,1983 Moses Malone
65%
1969 Wes Unseld
65%
1975 Bob McAdoo
58%
1973 Dave Cowens
47%
1970 Willis Reed
47%
No matching quizzes found
Score Distribution
Percent of People with Each Score
Percentile by Number Answered
Your Score History
You have not taken this quiz